LEADER 02043nas 2200577- 450 001 9910626167903321 005 20230125213019.0 011 $a2691-4581 035 $a(DE-599)ZDB3049188-5 035 $a(OCoLC)1149924015 035 $a(CKB)5590000000001764 035 $a(CONSER)--2020200138 035 $a(EXLCZ)995590000000001764 100 $a20200410a20209999 --- a 101 0 $aeng 135 $aur||||||||||| 181 $ctxt$2rdacontent 182 $cc$2rdamedia 183 $acr$2rdacarrier 200 00$aIEEE transactions on artificial intelligence 210 1$aPiscataway, NJ :$cInstitute of Electrical and Electronics Engineers, Inc. :$cIEEE Computational Intelligence Society,$d[2020]- 215 $a1 online resource 300 $aRefereed/Peer-reviewed 517 1 $aTransactions on artificial intelligence 517 1 $aArtificial intelligence 517 1 $aITAICB 517 1 $aAI 517 1 $aTAI 517 1 $aIEEE TAI 517 1 $aInstitute of Electrical and Electronics Engineers transactions on artificial intelligence 531 0 $aIEEE trans. artif. intell. 606 $aComputational intelligence$vPeriodicals 606 $aArtificial intelligence$vPeriodicals 606 $aComputational intelligence$2fast$3(OCoLC)fst00871995 606 $aArtificial intelligence$2fast$3(OCoLC)fst00817247 608 $aPeriodicals.$2fast 615 0$aComputational intelligence 615 0$aArtificial intelligence 615 7$aComputational intelligence. 615 7$aArtificial intelligence. 676 $a006.3 712 02$aInstitute of Electrical and Electronics Engineers. 712 02$aIEEE Computational Intelligence Society. 712 02$aIEEE Computer Society. 712 02$aIEEE Signal Processing Society. 712 02$aIEEE Systems, Man, and Cybernetics Society. 712 02$aIEEE Robotics and Automation Society. 906 $aJOURNAL 912 $a9910626167903321 996 $aIEEE transactions on artificial intelligence$92292545 997 $aUNINA LEADER 02455nam0 2200481 i 450 001 VAN0113850 005 20230705103647.866 017 70$2N$a9783319241661 100 $a20180122d2015 |0itac50 ba 101 $aeng 102 $aCH 105 $a|||| ||||| 200 1 $aArithmetically Cohen-Macaulay sets of points in P^1 x P^1$fElena Guardo, Adam Van Tuyl 210 $a[Cham]$cSpringer$d2015 215 $aVIII, 134 p.$cill.$d24 cm 410 1$1001VAN0102596$12001 $aSpringerBriefs in mathematics$1210 $aBerlin [etc.]$cSpringer 500 1$3VAN0234909$aArithmetically Cohen-Macaulay sets of points in P^1 x P^1$91522810 606 $a05A17$xCombinatorial aspects of partitions of integers [MSC 2020]$3VANC019789$2MF 606 $a41A05$xInterpolation in approximation theory [MSC 2020]$3VANC020945$2MF 606 $a13C14$xCohen-Macaulay modules [MSC 2020]$3VANC022068$2MF 606 $a13D02$xSyzygies, resolutions, complexes and commutative rings [MSC 2020]$3VANC022491$2MF 606 $a13D40$xHilbert-Samuel and Hilbert-Kunz functions; Poincaré series [MSC 2020]$3VANC023925$2MF 606 $a13H10$xSpecial types (Cohen-Macaulay, Gorenstein, Buchsbaum, etc.) [MSC 2020]$3VANC023954$2MF 606 $a14M05$xVarieties defined by ring conditions (factorial, Cohen-Macaulay, seminormal)[MSC 2020]$3VANC023978$2MF 606 $a13A02$xGraded rings [MSC 2020]$3VANC029352$2MF 610 $aArithmetically Cohen-Macaulay Sets of Points$9KW:K 610 $aCohen-Macaulay Ring$9KW:K 610 $aFat Points$9KW:K 610 $aHilbert Function$9KW:K 610 $aMinimal free graded resolutions$9KW:K 610 $aMulitprojective Space$9KW:K 620 $aCH$dCham$3VANL001889 700 1$aGuardo$bElena$3VANV087939$0755672 701 0$aTuyl, Adam : van$3VANV087940$0755673 712 $aSpringer $3VANV108073$4650 801 $aIT$bSOL$c20240614$gRICA 856 4 $uhttp://dx.doi.org/10.1007/978-3-319-24166-1$zE-book ? Accesso al full-text attraverso riconoscimento IP di Ateneo, proxy e/o Shibboleth 899 $aBIBLIOTECA DEL DIPARTIMENTO DI MATEMATICA E FISICA$1IT-CE0120$2VAN08 912 $fN 912 $aVAN0113850 950 $aBIBLIOTECA DEL DIPARTIMENTO DI MATEMATICA E FISICA$d08CONS e-book 0111 $e08eMF111 20180122 996 $aArithmetically Cohen-Macaulay sets of points in P^1 x P^1$91522810 997 $aUNICAMPANIA